00369cam a22000977a 4500008004000000082001400040245011400054260003400168300001000202700005900212180718b1962 xxu||||| |||| 00| 0 eng d aY21x5 Un3 aMining developments in Asia and the far east 1960cby Economic Commission For Asia and the Far East, Thailand aBangkokbUnited Nationsc1962 a85+p. aThailand.Economic Commission For Asia and the Far East